Movie Posters XIV Quiz Stats

 Plays Quiz Updated Jun 22, 2017

Support Sporcle.
Go Orange.
Score 0/24 Timer 06:00
18 Plays Today
Hint Answer % Correct
Men in Black
98%
Grease
95%
The Wolverine
92.1%
Life of Pi
89%
Monsters University
87%
Magic Mike
83.7%
Beetlejuice
82.1%
50 First Dates
81.4%
Superbad
79.3%
The Help
71.5%
Who Framed Roger Rabbit
70.5%
Bridget Jones's Diary
69.5%
Hint Answer % Correct
Apollo 13
66.6%
The Cable Guy
62.2%
The Rocky Horror Picture Show
60.8%
Conan the Barbarian
59.6%
Elysium
49.5%
The Lost Boys
39.7%
Weird Science
38%
Bull Durham
31.3%
Chasing Amy
30.2%
Gattaca
29.6%
Apocalypse Now
29.4%
Back to School
29.4%

You're not logged in!

Compare scores with friends on all Sporcle quizzes.
OR
Log In
Forgot?

From the Vault

Find the Board Game Pieces

by Rackie

Did you check between the couch cushions?
Remove Ads.
Support Sporcle.
Get the best of Sporcle when you Go Orange. This ad-free experience offers more features, more stats, and more fun while also helping to support Sporcle. Thank you for becoming a member.

Show Comments

Extras

Top Quizzes Today


Score Distribution

Your Account Isn't Verified!

In order to create a playlist on Sporcle, you need to verify the email address you used during registration. Go to your Sporcle Settings to finish the process.

Report this User

Report this user for behavior that violates our Community Guidelines.

Details: